| 000 | 00697nam a2200265Ia 4500 | ||
|---|---|---|---|
| 005 | 20260121172825.0 | ||
| 008 | 008 260114s9999 xx 000 0 eng d | ||
| 020 | _a9783030887599 | ||
| 037 | _aEBOOK | ||
| 040 | _aCRL | ||
| 040 | _beng | ||
| 040 | _cCRL | ||
| 041 | _2eng | ||
| 041 | _aeng | ||
| 084 | _qCRL | ||
| 100 |
_aMargaret Atosina Akuriba, Mamudu Abunga Akudugu, Abdul-Razak Alhassan _91093181 |
||
| 245 | 0 | _aAgribusiness for Economic Growth in Africa | |
| 260 | _bSpringer | ||
| 260 | _bSpringer | ||
| 260 | _c2021 | ||
| 856 | _uhttps://link.springer.com/openurl?genre=book&isbn=978-3-030-88759-9 | ||
| 942 | _cEBOOK | ||
| 999 |
_c1658922 _d1658922 |
||